[Event "IND-ch (Women) 48th"]
[Site "Hatkanangale"]
[Date "2022.12.30"]
[Round "5"]
[White "Harini, S."]
[Black "Pujari, Rucha"]
[Result "1/2-1/2"]
[WhiteElo "1918"]
[BlackElo "2229"]
[PlyCount "115"]
[EventDate "2022.12.26"]
[EventType "swiss"]
[EventRounds "11"]
[EventCountry "IND"]
[SourceTitle "CBM 212 Extra"]
[Source "ChessBase"]
[SourceDate "2023.03.31"]
[SourceVersion "1"]
[SourceVersionDate "2023.03.31"]
[SourceQuality "1"]

1. e4 e5 2. Nf3 Nc6 3. Bb5 a6 4. Ba4 Nf6 5. 0-0 Be7 6. Re1 b5 7. Bb3 d6 8. c3 0-0 9. h3 Nb8 10. d4 Nbd7 11. Nbd2 Bb7 12. Bc2 Re8 13. Nf1 Bf8 14. Ng3 g6 15. a4 Bg7 16. Bd3 c6 17. Be3 Qc7 18. Qd2 Nf8 19. b4 N6d7 20. dxe5 dxe5 21. c4 bxa4 22. c5 a5 23. Rxa4 axb4 24. Rxb4 Ne6 25. Rc1 Bf8 26. Bc4 Ndxc5 27. Bxc5 Bxc5 28. Rxb7 Qxb7 29. Bxe6 Bxf2+ 30. Qxf2 Rxe6 31. Qd2 Qb3 32. Kh2 Qa3 33. Qc3 Qxc3 34. Rxc3 Ra2 35. Nf1 f6 36. N1d2 Rd6 37. Nc4 Rd8 38. Nb6 Ra6 39. Nc4 Kf7 40. g4 g5 41. Kg3 Ke6 42. Nfd2 Ra2 43. Nb3 Rd1 44. Nc5+ Ke7 45. Rb3 Rc2 46. Rb7+ Ke8 47. Rb8+ Kf7 48. Rb7+ Kg6 49. Ne3 Rg1+ 50. Kf3 Rxc5 51. Nf5 Rf1+ 52. Kg2 Rxf5 53. exf5+ Kh6 54. Rf7 Rc2+ 55. Kf3 Rc3+ 56. Ke4 Rc4+ 57. Kf3 Rc3+ 58. Ke4 1/2-1/2

[Event "IND-ch (Women) 48th"]
[Site "Hatkanangale"]
[Date "2022.12.26"]
[Round "1"]
[White "Harini, S."]
[Black "Prabhu, Trupti"]
[Result "0-1"]
[WhiteElo "1918"]
[BlackElo "1286"]
[PlyCount "122"]
[EventDate "2022.12.26"]
[EventType "swiss"]
[EventRounds "11"]
[EventCountry "IND"]
[SourceTitle "CBM 212 Extra"]
[Source "ChessBase"]
[SourceDate "2023.03.31"]
[SourceVersion "1"]
[SourceVersionDate "2023.03.31"]
[SourceQuality "1"]

1. e4 c5 2. Nf3 e6 3. d4 cxd4 4. Nxd4 a6 5. c4 Nf6 6. Nc3 Qc7 7. a3 b6 8. Be3 Bb7 9. f3 Be7 10. Be2 0-0 11. Rc1 d6 12. 0-0 Nbd7 13. b4 Rac8 14. Kh1 Rfe8 15. Qd2 Qb8 16. Nb3 Bd8 17. Rfd1 d5 18. cxd5 exd5 19. exd5 Bc7 20. g3 Nf8 21. Bd4 Nxd5 22. Nxd5 Bxd5 23. Qg5 Ng6 24. Qxd5 Rxe2 25. Nd2 Ne5 26. Nf1 Rd8 27. Qb3 h5 28. Qc3 Bd6 29. Rd2 Rxd2 30. Nxd2 f6 31. Ne4 Nf7 32. Qe3 Bc7 33. Kg2 Ne5 34. Qc3 Rd7 35. Qb3+ Kh8 36. Bb2 Qd8 37. Bxe5 Bxe5 38. Qe6 Rd2+ 39. Kh3 Qd7 40. Rc8+ Kh7 41. Qxd7 Rxd7 42. Ra8 Rd3 43. Rxa6 Rxf3 44. Rxb6 Rxa3 45. Rb7 Kh6 46. Nc5 Ra2 47. Nd3 Bd6 48. Rf7 Rd2 49. Nc5 Re2 50. Nd3 Re3 51. Nc5 Be7 52. Kg2 Kg6 53. Rxe7 Rxe7 54. Kf3 Kf5 55. b5 Rc7 56. Ne4 g5 57. b6 g4+ 58. Kf2 Rc2+ 59. Ke3 Rb2 60. b7 Ke5 61. Nc5 Kd5 0-1

[Event "Madurai Athens of the East op 2nd"]
[Site "Madurai"]
[Date "2022.06.29"]
[Round "2"]
[White "Harini, S."]
[Black "Tran, Tuan Minh"]
[Result "0-1"]
[WhiteElo "1977"]
[BlackElo "2513"]
[PlyCount "98"]
[EventDate "2022.06.28"]
[EventType "swiss"]
[EventRounds "10"]
[EventCountry "IND"]
[SourceTitle "EXT 2023"]
[Source "ChessBase"]
[SourceDate "2022.10.05"]
[SourceVersion "1"]
[SourceVersionDate "2022.10.05"]
[SourceQuality "1"]

1. e4 c5 2. Nf3 d6 3. d4 cxd4 4. Nxd4 Nf6 5. Nc3 a6 6. Bg5 e6 7. f4 Qb6 8. Nb3 Be7 9. Qd2 h6 10. Bxf6 Bxf6 11. e5 dxe5 12. Ne4 Bh4+ 13. g3 Be7 14. fxe5 0-0 15. 0-0-0 Nc6 16. Qf4 Qc7 17. Rd6 f5 18. exf6 Bxd6 19. Qxd6 Qxd6 20. Nxd6 Rxf6 21. Bh3 Kf8 22. Nc5 Ke7 23. Rd1 Ne5 24. Bg2 Rf2 25. Bxb7 Bxb7 26. Ndxb7 Rxh2 27. Re1 Rf8 28. b4 Rf5 29. a4 h5 30. b5 axb5 31. axb5 Nc4 32. Rxe6+ Kf7 33. Kb1 Rf1+ 34. Ka2 Rxc2+ 35. Kb3 Rfc1 36. Nd8+ Kg8 37. Re8+ Kh7 38. Na4 Nd2+ 39. Kb4 Rc4+ 40. Ka5 Nb3+ 41. Kb6 Rxa4 42. Ne6 Rg4 43. Nf8+ Kh6 44. Re6+ g6 45. Re3 Nd4 46. Nd7 Rb1 47. Nf6 Rg5 48. Re7 Rgxb5+ 49. Kc7 Rb7+ 0-1

[Event "IND-ch (Women) 45th"]
[Site "Jaipur"]
[Date "2018.11.19"]
[Round "3"]
[White "Mohota, Nisha"]
[Black "Harini, S."]
[Result "1/2-1/2"]
[WhiteElo "2276"]
[BlackElo "1998"]
[PlyCount "92"]
[EventDate "2018.11.18"]
[EventType "swiss"]
[EventRounds "11"]
[EventCountry "IND"]
[SourceTitle "CBM 187 Extra"]
[Source "ChessBase"]
[SourceDate "2018.11.04"]
[SourceVersion "1"]
[SourceVersionDate "2018.11.04"]
[SourceQuality "1"]

1. Nf3 Nf6 2. c4 g6 3. d4 Bg7 4. e3 d5 5. cxd5 Nxd5 6. e4 Nb6 7. Be2 Bg4 8. Nbd2 0-0 9. 0-0 c6 10. h3 Be6 11. Nb1 N8d7 12. Nc3 Bc4 13. Bg5 Re8 14. Bxc4 Nxc4 15. Qe2 b5 16. Rac1 f6 17. b3 Ncb6 18. Bf4 e5 19. dxe5 Nxe5 20. Rfd1 Nxf3+ 21. Qxf3 Qe7 22. Re1 Qe6 23. Re3 Rad8 24. Rc2 Rd4 25. Rce2 Nd7 26. Qg4 Ne5 27. Bxe5 fxe5 28. Qxe6+ Rxe6 29. Rc2 Bh6 30. Ree2 Red6 31. g3 Kf7 32. Kg2 Ke7 33. f3 Rd3 34. h4 a5 35. Rf2 Be3 36. Rfe2 Bd4 37. Nb1 Rf6 38. Nd2 Bc3 39. Rf2 Bxd2 40. Rfxd2 Rfxf3 41. Rxd3 Rxd3 42. Rxc6 Rd2+ 43. Kh3 Rxa2 44. Rc7+ Kf6 45. Rxh7 Rb2 46. Ra7 Rxb3 1/2-1/2

[Event "Sivakasi op 4th"]
[Site "Sivakasi"]
[Date "2018.04.23"]
[Round "5"]
[White "Rajesh, VAV"]
[Black "Harini, S."]
[Result "1-0"]
[WhiteElo "2326"]
[BlackElo "2021"]
[PlyCount "91"]
[EventDate "2018.04.21"]
[EventType "swiss"]
[EventRounds "8"]
[EventCountry "IND"]
[SourceTitle "CBM 184 Extra"]
[Source "ChessBase"]
[SourceDate "2018.06.28"]
[SourceVersion "1"]
[SourceVersionDate "2018.06.28"]
[SourceQuality "1"]

1. d4 Nf6 2. c4 g6 3. Nc3 d5 4. cxd5 Nxd5 5. e4 Nxc3 6. bxc3 Bg7 7. Qa4+ Bd7 8. Qa3 0-0 9. Nf3 Bg4 10. Be2 Nd7 11. 0-0 c5 12. Be3 Qc7 13. Rab1 b6 14. e5 Rac8 15. h3 Bxf3 16. Bxf3 e6 17. Be2 Nb8 18. dxc5 bxc5 19. f4 g5 20. g3 Nd7 21. Rb5 Rb8 22. Ra5 gxf4 23. gxf4 Bh6 24. Rxa7 Rb7 25. Ra5 Rfb8 26. Bf3 Rb1 27. Ra8 Rxf1+ 28. Kxf1 Kg7 29. Rxb8 Qxb8 30. Qc1 Qb5+ 31. Be2 Qa4 32. Qd2 Qc6 33. Kf2 f6 34. Qd6 Qxd6 35. exd6 Kf7 36. Bb5 Ke8 37. f5 Bxe3+ 38. Kxe3 exf5 39. Kf4 Kd8 40. Bxd7 Kxd7 41. Kxf5 Kxd6 42. c4 Kc6 43. Kxf6 Kb6 44. Ke6 Ka5 45. a3 Ka4 46. Kd5 1-0

[Event "Dubai op 19th"]
[Site "Dubai"]
[Date "2017.04.03"]
[Round "1"]
[White "Harini, S."]
[Black "Amin, Bassem"]
[Result "0-1"]
[WhiteElo "2150"]
[BlackElo "2663"]
[PlyCount "71"]
[EventDate "2017.04.03"]
[EventType "swiss"]
[EventRounds "9"]
[EventCountry "UAE"]
[SourceTitle "CBM 177 Extra"]
[Source "ChessBase"]
[SourceDate "2017.04.27"]
[SourceVersion "1"]
[SourceVersionDate "2017.04.27"]
[SourceQuality "1"]

1. e4 c6 2. d4 d5 3. exd5 cxd5 4. c4 Nf6 5. Nc3 g6 6. Qb3 Bg7 7. cxd5 0-0 8. Nge2 Na6 9. g3 Qb6 10. Qxb6 axb6 11. Bg2 Nb4 12. 0-0 Rd8 13. d6 Rxd6 14. Bf4 Rd7 15. Rfd1 Nfd5 16. Bd2 Rd8 17. a3 Nxc3 18. bxc3 Nc6 19. Bf4 Bg4 20. f3 Be6 21. Bc7 Rd7 22. Bxb6 Bc4 23. Kf2 Ra6 24. Bc5 b6 25. Bb4 Rda7 26. Rab1 Nxb4 27. axb4 Ra2 28. Bf1 e5 29. dxe5 Bxe5 30. Rbc1 R7a3 31. Ke3 Bxe2 32. Bxe2 Bxc3 33. Bd3 Bxb4 34. h4 h5 35. Ke4 Bc5 36. Bc4 0-1

[Event "Sharjah Masters 1st"]
[Site "Sharjah"]
[Date "2017.03.28"]
[Round "6"]
[White "Harini, S."]
[Black "Asgarizadeh, Ahmad"]
[Result "0-1"]
[WhiteElo "2150"]
[BlackElo "2410"]
[PlyCount "86"]
[EventDate "2017.03.23"]
[EventType "swiss"]
[EventRounds "9"]
[EventCountry "UAE"]
[SourceTitle "CBM 177 Extra"]
[Source "ChessBase"]
[SourceDate "2017.04.27"]
[SourceVersion "1"]
[SourceVersionDate "2017.04.27"]
[SourceQuality "1"]

1. e4 e5 2. Nf3 Nc6 3. Bb5 a6 4. Ba4 Nf6 5. 0-0 Be7 6. Re1 b5 7. Bb3 d6 8. c3 0-0 9. h3 Bb7 10. d4 Nd7 11. a4 Na5 12. Bc2 c5 13. Nbd2 exd4 14. cxd4 Nc6 15. d5 Nb4 16. Bb1 Bf6 17. Ra3 Re8 18. Nf1 Nb6 19. axb5 axb5 20. Rxa8 Qxa8 21. Bf4 Qd8 22. b3 Qd7 23. Qc1 g6 24. Ne3 h5 25. Kh2 Bg7 26. g4 Bc8 27. Rg1 hxg4 28. hxg4 Na6 29. Rg3 c4 30. bxc4 Nxc4 31. Nxc4 bxc4 32. Qxc4 Nc5 33. Ng5 Ba6 34. Qb4 Qc7 35. Rf3 Be2 36. Re3 Rb8 37. Qe1 Bxg4 38. Kg3 Bh5 39. Bc2 Qe7 40. Ra3 Be5 41. Nh3 Bxf4+ 42. Nxf4 Qg5+ 43. Kh2 Qxf4+ 0-1

[Event "Sharjah Masters 1st"]
[Site "Sharjah"]
[Date "2017.03.26"]
[Round "4"]
[White "Mareco, Sandro"]
[Black "Harini, S."]
[Result "1-0"]
[WhiteElo "2664"]
[BlackElo "2150"]
[PlyCount "81"]
[EventDate "2017.03.23"]
[EventType "swiss"]
[EventRounds "9"]
[EventCountry "UAE"]
[SourceTitle "CBM 177 Extra"]
[Source "ChessBase"]
[SourceDate "2017.04.27"]
[SourceVersion "1"]
[SourceVersionDate "2017.04.27"]
[SourceQuality "1"]

1. d4 Nf6 2. c4 e6 3. Nf3 b6 4. g3 Bb7 5. Bg2 Bb4+ 6. Bd2 a5 7. 0-0 0-0 8. Bf4 Be7 9. Nc3 Ne4 10. Nb5 Na6 11. Qc2 f5 12. a3 Qc8 13. Rad1 d6 14. Ne1 g5 15. f3 c6 16. fxe4 cxb5 17. Bc1 Qxc4 18. Qxc4 bxc4 19. exf5 Bxg2 20. Nxg2 exf5 21. Ne3 Rae8 22. Nxc4 Bd8 23. Rf2 Re6 24. Rdf1 b5 25. Ne3 f4 26. gxf4 Bb6 27. fxg5 Rxf2 28. Kxf2 Bxd4 29. Rd1 Bc5 30. Kf3 Nb8 31. Nf5 Nc6 32. Bf4 Ne5+ 33. Bxe5 Rxe5 34. e4 Re6 35. h4 Kf7 36. Kf4 a4 37. h5 b4 38. axb4 Bxb4 39. Rd4 Bc5 40. Rxa4 Re8 41. b4 1-0

[Event "Ho Chi Minh City HD Bank op 5th"]
[Site "Ho Chi Minh City"]
[Date "2015.03.19"]
[Round "4"]
[White "Harini, S."]
[Black "Nguyen, Ngoc Thuy Trang"]
[Result "1-0"]
[WhiteElo "2125"]
[BlackElo "1841"]
[PlyCount "93"]
[EventDate "2015.03.17"]
[EventType "swiss"]
[EventRounds "9"]
[EventCountry "VIE"]
[SourceTitle "CBM 165 Extra"]
[Source "ChessBase"]
[SourceDate "2015.04.21"]
[SourceVersion "1"]
[SourceVersionDate "2015.04.21"]
[SourceQuality "1"]

1. e4 e6 2. d4 d5 3. Nc3 Nf6 4. e5 Nfd7 5. f4 c5 6. Nf3 Nc6 7. Be3 Qb6 8. Na4 Qa5+ 9. c3 cxd4 10. b4 Qc7 11. Nxd4 a6 12. Bd3 b5 13. Nc5 Nxc5 14. bxc5 Na5 15. a4 Nc4 16. Bxc4 bxc4 17. c6 Bc5 18. Nxe6 Bxe6 19. Bxc5 Qxc6 20. Qd4 Bf5 21. 0-0 Be4 22. f5 Rb8 23. Rf2 Rb7 24. a5 Rb5 25. Bb4 Rxb4 26. cxb4 c3 27. Rc1 c2 28. Qxe4 dxe4 29. Rfxc2 Qd7 30. Rc8+ Ke7 31. R8c7 Re8 32. Kf2 g6 33. g4 Kd8 34. Rxd7+ Kxd7 35. Rc5 f6 36. e6+ Kd6 37. Ke3 Rb8 38. Rc4 gxf5 39. gxf5 Ke5 40. Rxe4+ Kxf5 41. e7 Re8 42. Kd4 Kg6 43. Kd5 f5 44. Re6+ Kg5 45. Kd6 f4 46. Kd7 f3 47. Re1 1-0

[Event "Ho Chi Minh City HD Bank op 5th"]
[Site "Ho Chi Minh City"]
[Date "2015.03.19"]
[Round "5"]
[White "Nay, Oo Kyaw Tun"]
[Black "Harini, S."]
[Result "1/2-1/2"]
[WhiteElo "2292"]
[BlackElo "2125"]
[PlyCount "93"]
[EventDate "2015.03.17"]
[EventType "swiss"]
[EventRounds "9"]
[EventCountry "VIE"]
[SourceTitle "CBM 165 Extra"]
[Source "ChessBase"]
[SourceDate "2015.04.21"]
[SourceVersion "1"]
[SourceVersionDate "2015.04.21"]
[SourceQuality "1"]

1. e4 c5 2. c3 d5 3. exd5 Qxd5 4. d4 Nf6 5. Nf3 e6 6. Na3 Nc6 7. Be2 Be7 8. 0-0 0-0 9. Nb5 Qd8 10. dxc5 Bxc5 11. Bf4 Nd5 12. Bg3 a6 13. Nc7 Nxc7 14. Qxd8 Rxd8 15. Bxc7 Rd7 16. Bg3 b5 17. b4 Be7 18. a4 bxa4 19. Rxa4 Bb7 20. Rfa1 Rad8 21. h3 Bf6 22. R1a3 Nb8 23. c4 g5 24. c5 h6 25. Ne5 Rd4 26. Nf3 R4d7 27. Bd6 Rc8 28. Rb3 Bd5 29. Rb1 Be4 30. Rf1 Bc3 31. b5 Bxf3 32. gxf3 axb5 33. Bxb5 Rb7 34. Bd3 Nc6 35. Rb1 Rxb1+ 36. Bxb1 Be5 37. Be4 Bxd6 38. cxd6 Ne5 39. Ra5 f6 40. Kg2 Rd8 41. Ra6 Nc4 42. Bc2 Rxd6 43. Ra8+ Kg7 44. Ra7+ Kg8 45. Ra8+ Kf7 46. Ra7+ Kg8 47. Ra8+ 1/2-1/2

[Event "Ho Chi Minh City HD Bank op 5th"]
[Site "Ho Chi Minh City"]
[Date "2015.03.17"]
[Round "1"]
[White "Pascua, Haridas"]
[Black "Harini, S."]
[Result "1-0"]
[WhiteElo "2423"]
[BlackElo "2125"]
[PlyCount "96"]
[EventDate "2015.03.17"]
[EventType "swiss"]
[EventRounds "9"]
[EventCountry "VIE"]
[SourceTitle "CBM 165 Extra"]
[Source "ChessBase"]
[SourceDate "2015.04.21"]
[SourceVersion "1"]
[SourceVersionDate "2015.04.21"]
[SourceQuality "1"]

1. d4 Nf6 2. c4 e6 3. Nc3 Bb4 4. f3 d5 5. a3 Bxc3+ 6. bxc3 c5 7. cxd5 exd5 8. e3 0-0 9. Bd3 Nc6 10. Ne2 c4 11. Bc2 Re8 12. 0-0 Na5 13. Re1 h5 14. Ng3 h4 15. Nf1 h3 16. g3 g6 17. Nd2 Be6 18. Qe2 Qc8 19. e4 Kg7 20. e5 Nd7 21. Qe3 Rh8 22. Rb1 b6 23. Nf1 Qd8 24. Qf2 f5 25. exf6+ Qxf6 26. Bg5 Qf7 27. Rxe6 Qxe6 28. Re1 Qc6 29. Re7+ Kg8 30. Qe3 Nf8 31. Ba4 Qd6 32. Bf4 Qf6 33. Re5 b5 34. Bxb5 Rh5 35. Bg5 Qd6 36. f4 Nc6 37. Re8 Rxe8 38. Qxe8 Qe6 39. Bxc6 Qxe8 40. Bxe8 Kg7 41. Ne3 Ne6 42. Be7 Nc7 43. Bc6 Kf7 44. Bd6 Ne8 45. Be5 Nf6 46. g4 Rh7 47. g5 Nh5 48. Bxd5+ Ke8 1-0

[Event "IND-chT (Women) 13th"]
[Site "Goa"]
[Date "2015.02.21"]
[Round "2"]
[White "Harini, S."]
[Black "Bhakti, Kulkarni"]
[Result "1-0"]
[WhiteElo "2099"]
[BlackElo "2272"]
[PlyCount "97"]
[EventDate "2015.02.20"]
[EventType "team-tourn"]
[EventRounds "7"]
[EventCountry "IND"]
[SourceTitle "CBM 165 Extra"]
[Source "ChessBase"]
[SourceDate "2015.04.21"]
[SourceVersion "1"]
[SourceVersionDate "2015.04.21"]
[SourceQuality "1"]
[WhiteTeam "Tamil Nadu State (W)"]
[BlackTeam "Air India (W)"]
[WhiteTeamCountry "IND"]
[BlackTeamCountry "IND"]

1. e4 e5 2. Nf3 Nc6 3. Bb5 g6 4. d4 exd4 5. Nxd4 Bg7 6. Be3 Nf6 7. Nc3 Ng4 8. Qxg4 Nxd4 9. Ba4 0-0 10. 0-0-0 d6 11. Qg3 Nc6 12. Nd5 Be6 13. Bb3 Na5 14. Bg5 Nxb3+ 15. axb3 f6 16. Bf4 Re8 17. f3 c6 18. Nc3 d5 19. exd5 cxd5 20. Nb5 Qa5 21. Nc7 Qa1+ 22. Kd2 Qxb2 23. Rb1 Qd4+ 24. Kc1 Rac8 25. Nxe8 Rxc2+ 26. Kxc2 Bf5+ 27. Kc1 Qc3+ 28. Kd1 Qc2+ 29. Ke1 Qxb1+ 30. Kf2 Qxh1 31. Nxg7 Kxg7 32. Be3 Be6 33. Qd6 Qd1 34. Qxe6 Qc2+ 35. Kg3 Qc7+ 36. Bf4 Qd8 37. Qd6 Qxd6 38. Bxd6 Kf7 39. Bc5 a6 40. Kf4 Ke6 41. h4 Kd7 42. Bd4 Ke6 43. g4 Kd6 44. Bxf6 Kc5 45. Bc3 d4 46. Bd2 Kd5 47. h5 b6 48. hxg6 hxg6 49. Kg5 1-0

[Event "IND-chB (Women) 41st"]
[Site "Mapusa"]
[Date "2014.09.11"]
[Round "7"]
[White "Swati, Ghate"]
[Black "Harini, S."]
[Result "1-0"]
[WhiteElo "2234"]
[BlackElo "2052"]
[PlyCount "149"]
[EventDate "2014.09.07"]
[EventType "swiss"]
[EventRounds "11"]
[EventCountry "IND"]
[SourceTitle "CBM 162 Extra"]
[Source "ChessBase"]
[SourceDate "2014.10.17"]
[SourceVersion "1"]
[SourceVersionDate "2014.10.17"]
[SourceQuality "1"]

1. e4 c5 2. Nf3 d6 3. d4 cxd4 4. Nxd4 Nf6 5. Nc3 a6 6. Be2 e5 7. Nb3 Be7 8. 0-0 0-0 9. Be3 Be6 10. Nd5 Nxd5 11. exd5 Bf5 12. f4 exf4 13. Bxf4 Nd7 14. Kh1 Rc8 15. c4 Bg6 16. Qd2 b6 17. Rad1 Nc5 18. Nd4 Qd7 19. h3 h5 20. Bh2 Ne4 21. Qe3 Bg5 22. Bf4 Bf6 23. Nc6 Bxb2 24. Qxb6 Ba3 25. Qb3 Bc5 26. Kh2 Rfe8 27. Bd3 h4 28. Qc2 f5 29. Rde1 Bh7 30. Qb2 Ng3 31. Rxe8+ Rxe8 32. Rb1 Be3 33. Bxe3 Rxe3 34. Qd4 Re8 35. Qxh4 Ne4 36. Rb8 Rxb8 37. Nxb8 Qe8 38. Nc6 Nf6 39. Qf4 Qd7 40. Qe3 Ne4 41. Qf4 g5 42. Qe3 f4 43. Qd4 Nc5 44. Bxh7+ Kxh7 45. Qf6 Ne4 46. Qb2 Nc5 47. Nd4 Qg7 48. Qd2 Qe5 49. Nf3 Qe7 50. Qc2+ Kh6 51. Qf5 Ne4 52. h4 gxh4 53. Qxf4+ Kh5 54. Qf5+ Kh6 55. Qg4 a5 56. a3 a4 57. Qf4+ Kh5 58. Qf5+ Kh6 59. Qg4 Nf2 60. Qxh4+ Qxh4+ 61. Nxh4 Kg5 62. Nf3+ Kf6 63. Kg3 Nd3 64. Kh4 Nb2 65. Nd2 Nd1 66. g4 Ne3 67. Kh5 Kg7 68. g5 Nc2 69. Ne4 Nxa3 70. Nxd6 Nb1 71. Nb5 a3 72. Nxa3 Nxa3 73. d6 Kf8 74. g6 Nxc4 75. g7+ 1-0

[Event "Chennai op (Women)"]
[Site "Chennai"]
[Date "2013.11.11"]
[Round "7"]
[White "Swati, Ghate"]
[Black "Harini, S."]
[Result "1-0"]
[WhiteElo "2242"]
[BlackElo "2023"]
[PlyCount "45"]
[EventDate "2013.11.06"]
[EventType "swiss"]
[EventRounds "11"]
[EventCountry "IND"]
[SourceTitle "EXT 2014"]
[Source "ChessBase"]
[SourceDate "2013.11.20"]
[SourceVersion "1"]
[SourceVersionDate "2013.11.20"]
[SourceQuality "1"]

1. e4 c5 2. Nc3 Nc6 3. Nge2 d6 4. d4 cxd4 5. Nxd4 Nf6 6. Bg5 e6 7. Qd2 Be7 8. 0-0-0 a6 9. f4 Qc7 10. Bxf6 gxf6 11. f5 Nxd4 12. Qxd4 Bd7 13. Be2 h5 14. Bf3 Qc5 15. Qd3 0-0-0 16. h4 Bc6 17. Rhe1 Bf8 18. Kb1 Kb8 19. Qe2 Qe5 20. Bxh5 exf5 21. Bxf7 Rxh4 22. Bd5 Bd7 23. Qf2 1-0

[Event "IND-ch (Women) 39th"]
[Site "Jalgaon"]
[Date "2012.10.29"]
[Round "6"]
[White "Harini, S."]
[Black "Pujari, Rucha"]
[Result "1/2-1/2"]
[WhiteElo "2013"]
[BlackElo "2204"]
[PlyCount "128"]
[EventDate "2012.10.24"]
[EventType "swiss"]
[EventRounds "11"]
[EventCountry "IND"]
[SourceTitle "EXT 2013"]
[Source "ChessBase"]
[SourceDate "2012.11.22"]
[SourceVersion "1"]
[SourceVersionDate "2012.11.22"]
[SourceQuality "1"]

1. e4 c5 2. Nf3 e6 3. d4 cxd4 4. Nxd4 a6 5. c4 Nf6 6. Nc3 Qc7 7. a3 b6 8. Be3 Bb7 9. f3 d6 10. Rc1 Nbd7 11. Be2 Be7 12. 0-0 0-0 13. b4 Rac8 14. Qd2 Qb8 15. Rc2 Bd8 16. Kh1 Ne5 17. Na4 Bc7 18. Bg1 Rfe8 19. Nb3 Ba8 20. Nc3 h5 21. Rb1 h4 22. c5 dxc5 23. Bxa6 Rcd8 24. Qf2 c4 25. Nd2 h3 26. Nxc4 Nd3 27. Qf1 hxg2+ 28. Qxg2 Nf4 29. Qf1 Bxe4 30. fxe4 Qa8 31. Nxb6 Bxb6 32. Qxf4 Qxa6 33. Bxb6 Qxb6 34. Rg1 e5 35. Qg5 g6 36. Na4 Qd6 37. Nc5 Qe7 38. Rf2 Kg7 39. Rgf1 Rd6 40. a4 Rh8 41. a5 Rh5 42. Qg3 Qa7 43. Qb3 Qa8 44. Qe3 Qh8 45. Qg3 Qa8 46. Qe3 Qh8 47. a6 Rh3 48. Qg5 Rh5 49. Qg3 Qa8 50. Qe3 Rh4 51. b5 Qc8 52. Nb7 Re6 53. Rc1 Qa8 54. Nc5 Rd6 55. Rcf1 Qc8 56. a7 Qa8 57. b6 Rxb6 58. Nd7 Nxd7 59. Rxf7+ Kg8 60. Rxd7 Rb2 61. h3 Qxe4+ 62. Qxe4 Rxh3+ 63. Kg1 Rg3+ 64. Kh1 Rh3+ 1/2-1/2

[Event "IND-ch (Women) 39th"]
[Site "Jalgaon"]
[Date "2012.10.27"]
[Round "4"]
[White "Saranya, J."]
[Black "Harini, S."]
[Result "0-1"]
[WhiteElo "2166"]
[BlackElo "2013"]
[PlyCount "145"]
[EventDate "2012.10.24"]
[EventType "swiss"]
[EventRounds "11"]
[EventCountry "IND"]
[SourceTitle "EXT 2013"]
[Source "ChessBase"]
[SourceDate "2012.11.22"]
[SourceVersion "1"]
[SourceVersionDate "2012.11.22"]
[SourceQuality "1"]

1. e4 c5 2. Nf3 d6 3. Bb5+ Bd7 4. Bxd7+ Qxd7 5. 0-0 Nc6 6. c3 Nf6 7. Qe2 e6 8. d3 Be7 9. Ne1 e5 10. f4 exf4 11. Bxf4 0-0 12. Nd2 Ng4 13. h3 Nge5 14. Nc2 d5 15. Bxe5 Nxe5 16. Rf5 f6 17. Ne3 dxe4 18. dxe4 Rad8 19. Nd5 Qe6 20. Raf1 Nf7 21. Re1 Bd6 22. Nc4 Bg3 23. Ref1 Nh6 24. Rh5 f5 25. Rg5 Rxd5 26. Rxg3 fxe4 27. Rxf8+ Kxf8 28. Re3 Nf5 29. Rxe4 Qd7 30. Ne5 Qd6 31. Nf3 Rd1+ 32. Ne1 g6 33. Re6 Qd7 34. g4 Ng7 35. Re5 Qd6 36. Qf3+ Kg8 37. Re2 Qd7 38. Qe4 Qd6 39. Kf2 Qh2+ 40. Ng2 Rd8 41. Qc4+ Kh8 42. Qf7 Qxh3 43. Re7 Rg8 44. Qf4 Qd3 45. Rxb7 Qc2+ 46. Kg3 Nh5+ 47. gxh5 gxh5+ 48. Kh4 Rg4+ 49. Qxg4 hxg4 50. Nf4 Qe4 51. Rf7 Kg8 52. Rf6 Qe5 53. Nh5 g3 54. Rf4 g2 55. Rg4+ Kf8 56. Rxg2 Qe7+ 57. Kh3 Qe6+ 58. Kh4 Qxa2 59. Nf4 Qc4 60. Rf2 Ke7 61. Kg3 Qg8+ 62. Kf3 Kd6 63. Rd2+ Kc6 64. Rg2 Qf7 65. Ke3 a5 66. Nd3 Qe6+ 67. Kd2 Qd5 68. Rg4 c4 69. Rxc4+ Qxc4 70. Ne5+ Kd5 71. Nxc4 Kxc4 72. Ke3 a4 73. Kf2 0-1

[Event "IND-ch (Women) 39th"]
[Site "Jalgaon"]
[Date "2012.10.26"]
[Round "3"]
[White "Harini, S."]
[Black "Soumya, Swaminathan"]
[Result "0-1"]
[WhiteElo "2013"]
[BlackElo "2251"]
[PlyCount "84"]
[EventDate "2012.10.24"]
[EventType "swiss"]
[EventRounds "11"]
[EventCountry "IND"]
[SourceTitle "EXT 2013"]
[Source "ChessBase"]
[SourceDate "2012.11.22"]
[SourceVersion "1"]
[SourceVersionDate "2012.11.22"]
[SourceQuality "1"]

1. e4 c5 2. Nf3 d6 3. d4 cxd4 4. Nxd4 Nf6 5. Nc3 a6 6. Bc4 e6 7. Bb3 b5 8. 0-0 Be7 9. Qf3 Qb6 10. Be3 Qb7 11. Qg3 b4 12. Na4 Nbd7 13. Bxe6 fxe6 14. Nxe6 Rg8 15. Nxg7+ Kf7 16. Bh6 Ne5 17. h3 Qc6 18. Qb3+ Nc4 19. Nb6 Qxb6 20. Qxc4+ d5 21. exd5 Rxg7 22. Bxg7 Kxg7 23. Rae1 Bd6 24. Qh4 Qc5 25. Qg5+ Kf7 26. Re3 Qxd5 27. Qxd5+ Nxd5 28. Rd3 Be6 29. Rfd1 Be5 30. Rxd5 Bxd5 31. Rxd5 Bxb2 32. Kf1 Rc8 33. Rd2 Bc1 34. Rd7+ Ke6 35. Ra7 Rxc2 36. Rxa6+ Kd5 37. g4 Ba3 38. Ke1 Rxa2 39. Rb6 Kc4 40. f4 b3 41. Kd1 Ra1+ 42. Kd2 Bb4+ 0-1

[Event "IND-ch (Women) 38th"]
[Site "Chennai"]
[Date "2011.11.09"]
[Round "11"]
[White "Pratyusha, Bodda"]
[Black "Harini, S."]
[Result "1-0"]
[WhiteElo "2062"]
[BlackElo "2055"]
[PlyCount "101"]
[EventDate "2011.10.29"]
[EventType "swiss"]
[EventRounds "11"]
[EventCountry "IND"]
[SourceTitle "EXT 2012"]
[Source "ChessBase"]
[SourceDate "2011.11.24"]
[SourceVersion "1"]
[SourceVersionDate "2011.11.24"]
[SourceQuality "1"]

1. e4 c5 2. Nf3 e6 3. d4 cxd4 4. Nxd4 Nc6 5. Nc3 Qc7 6. f4 a6 7. Nxc6 bxc6 8. Bd3 Bc5 9. e5 f5 10. exf6 Nxf6 11. Ne4 Nxe4 12. Bxe4 d5 13. Bd3 Bb7 14. Qe2 Qe7 15. Bd2 Bd4 16. c3 Bf6 17. 0-0-0 Kd8 18. g4 g6 19. h4 Kc7 20. h5 gxh5 21. Rxh5 h6 22. Re1 Bc8 23. Reh1 Bg7 24. g5 Bd7 25. f5 hxg5 26. Rxh8 Bxh8 27. Rxh8 Rxh8 28. Qe5+ Kb7 29. Qxh8 exf5 30. Qd4 f4 31. Qa4 Qc5 32. Bxa6+ Kc7 33. Qd4 Qxd4 34. cxd4 Kb6 35. Be2 c5 36. dxc5+ Kxc5 37. b4+ Kd4 38. b5 Ke4 39. b6 Bc6 40. a4 f3 41. a5 g4 42. Be1 Ke3 43. Bxf3 gxf3 44. a6 Ke2 45. b7 Bxb7 46. axb7 Kxe1 47. b8Q f2 48. Qe5+ Kf1 49. Kd2 d4 50. Qh2 d3 51. Qh1# 1-0